| 000 | 00942cam a22002651 4500 | ||
|---|---|---|---|
| 001 | ne 68004592 | ||
| 003 | DLC | ||
| 005 | 20260227111850.0 | ||
| 008 | 950303s1968 ua ab s 000 0 eng | ||
| 010 | _ane 68004592 | ||
| 020 | _c2.50 | ||
| 035 | _a(OCoLC)32084245 | ||
| 040 |
_aDLC _cOrPS _dDLC |
||
| 042 | _apremarc | ||
| 043 | _af-ua--- | ||
| 050 | 0 | 0 |
_aHA2042 _b.A58 |
| 110 | 1 |
_aUnited Arab Republic. _bJihāz al-Markazī lil-Taʻbiʼah al-ʻĀmmah wa-al-Iḥṣāʼ. |
|
| 245 | 1 | 0 | _aUnited Arab Republic statistical atlas, 1952-1966. |
| 260 |
_a[Dokki, Cairo, _bCentral Agency for Public Mobilisation and Statistics] _c1968. |
||
| 300 |
_a123 p. _bcol. illus., col. maps. _c25 x 35 cm. |
||
| 500 | _aAt head of title: United Arab Republic. Central Agency for Public Mobilisation and Statistics. | ||
| 651 | 0 |
_aEgypt _vStatistics. |
|
| 651 | 0 |
_aUnited Arab Republic _xStatistics _vMaps. |
|
| 740 | 0 | _aStatistical Atlas, 1952-1966. | |
| 999 |
_c51073 _d51073 |
||